000
00426nam a22001817a 4500
003
MPLRDC
005
20220104123715.0
008
210129b ||||| |||| 00| 0 eng d
082
_a
428 XJZ
100
_a
上海文化出版社编
245
_a
优生优育
_c
250
_a
一版一刷
260
_a
_b
上海文化出版社
_c
1986
300
_b
平
490
_a
新家政丛书
650
_a
942
_c
BK
_o
428 XJZ
999
_c
13556
_d
13546